[Event "CFriend CP-2005-P-00001"]
[Site "Chessfriend.com"]
[Date "2005.10.01"]
[Round "1"]
[White "Fyhn, Karsten"]
[Black "Oyibojoba, Cornelius"]
[Result "1-0"]
[WhiteElo "2350"]
[BlackElo "954"]
[PlyCount "55"]
[EventDate "2005.??.??"]
[EventType "tourn (corr)"]
[EventRounds "2"]
[SourceTitle "Corr 2008"]
[Source "ChessBase"]
[SourceDate "2008.06.24"]
[SourceVersion "1"]
[SourceVersionDate "2008.06.24"]
[SourceQuality "1"]

1. e4 c5 2. d4 e6 3. Nf3 Nf6 4. e5 Nd5 5. c4 Nb6 6. Bg5 Be7 7. Bxe7 Qxe7 8. dxc5 Qxc5 9. a3 Nc6 10. b4 Qe7 11. Be2 Rb8 12. Nc3 0-0 13. 0-0 f6 14. c5 Na8 15. exf6 Rxf6 16. Ne4 Rg6 17. b5 Nd8 18. Nd6 b6 19. c6 dxc6 20. Ne5 Rh6 21. bxc6 Nc7 22. Nxc8 Rxc8 23. Qd7 Qxd7 24. cxd7 Rb8 25. Rac1 Rb7 26. Bf3 Rb8 27. Rxc7 Kf8 28. Rc8 1-0

[Event "CFriend CP-2005-P-00001"]
[Site "Chessfriend.com"]
[Date "2005.10.01"]
[Round "1"]
[White "Simmelink, Joop Theo"]
[Black "Oyibojoba, Cornelius"]
[Result "1-0"]
[WhiteElo "2297"]
[BlackElo "954"]
[PlyCount "65"]
[EventDate "2005.??.??"]
[EventType "tourn (corr)"]
[EventRounds "2"]
[SourceTitle "Corr 2008"]
[Source "ChessBase"]
[SourceDate "2008.06.24"]
[SourceVersion "1"]
[SourceVersionDate "2008.06.24"]
[SourceQuality "1"]

1. e4 e5 2. Nc3 Nc6 3. Nf3 Nf6 4. d4 exd4 5. Nd5 Nxd5 6. exd5 Nb4 7. Bc4 Bc5 8. 0-0 0-0 9. a3 Na6 10. Bg5 Be7 11. Bxe7 Qxe7 12. Qxd4 c5 13. d6 Qf6 14. Qxf6 gxf6 15. Nd2 b6 16. Rfe1 Bb7 17. Re7 Rad8 18. Rae1 Nb8 19. R1e3 Nc6 20. Ne4 Ne5 21. Nxf6+ Kg7 22. Nh5+ Kg6 23. R3xe5 f5 24. Nf4+ Kf6 25. Bd3 Kg5 26. g3 h5 27. Rg7+ Kh6 28. Ree7 Rg8 29. Rh7+ Kg5 30. h4+ Kg4 31. Be2+ Bf3 32. Rhg7+ Rxg7 33. Rxg7# 1-0